000 00635nam a22001817a 4500
003 LK-CoDNM
005 20240202122021.0
008 240202b |||||||| |||| 00| 0 eng d
020 _a9789555292535
040 _aLK-CoDNM
_dLK-CoDNM
_eLK-CoDNM
041 _asin
080 _a82-9
_bSHA
100 _aධම්මදස්ස,නාරාවිල/ඤාණසීල,හපුවලානේ
245 _aශාස්ත්‍රිය සංග්‍රහය - බලගල්ල සරස්වතී මහ පිරිවෙන
260 _aDiulapitiya
_bSaraswathi Prakashana
_c2021
300 _a236p.,21cm
942 _cBK
999 _c144823
_d144823